000 01059nam a2200265 i 4500
001 bg
100 1 _aFRĄCZKIEWICZ-WRONKA, Aldona
245 1 0 _aReforma systemu opieki zdrowotnej w perspektywie integracji z Unią Europejską :
_b(wybrane aspekty zachodzących zmian) /
_cAldona Frączkiewicz- Wronka.
260 _aKatowice :
_bWydaw. Uczelniane AE,
_c1998.
300 _a243 s. :
_bwykr. ;
_c24 cm.
490 1 _aPrace Naukowe / Akademia Ekonomiczna im. Karola Adamieckiego
504 _aBibliogr. s. 223-242.
650 9 _aSłużba zdrowia
_xreforma
_zPolska
_yod 1989 r.
650 9 _aSłużba zdrowia
_xhistoria
_zPolska
_yod 1918 r.
650 9 _aPolska a Unia Europejska
_xsłużba zdrowia
_yod 1989 r.
710 0 _aAkademia Ekonomiczna im. Karola Adamieckiego (Katowice)
830 0 _aPrace Naukowe (Akademia Ekonomiczna im. Karola Adamieckiego)
020 _a8372461376
040 _cBPK
041 0 _apl
080 _a614.2:351.77:369.22](438:4-67)
920 _a83-7246-137-6
942 _cKS
008 s pl f |000 0 pol
999 _c36867
_d36867
856 _uhttp://koha.tu.koszalin.pl/cgi-bin/koha/opac-detail.pl?biblionumber=36867
_yKatalog online BPK